000 00653nam a22002177a 4500
005 20170124110254.0
010 _aB-060766
020 _a8176252018
035 _aB-060766
037 _bCen Lib/Ret
040 _aDPL
_bEN
082 _a372.3
_bAGA
100 _aAgarwal, D. D.
_9104047
245 _aModern methods of teaching biology /
_cby D. D. Agarwal
260 _aNew Delhi ;
_bSarup and Sons
_c2001
270 _a4740/23, Ansari Road, Darya Ganj
_bNew Delhi
_e110002
300 _a268p.
_c22cm(Hb)
650 _aBiology -- Study and teaching
_98087
650 _aNATURE -- Reference
_98088
942 _2ddc
_cEN
_h372.3
_mAGA
999 _c136091
_d136091